00247nam a2200109Ia 4500100002100000654002200021245002200043260004100065082001100106300000800117546001200125 aSimons. Eric N.  aTesting of metals aTesting of metals bGreat Albion BooksaNew Jerseyc1972 a620.17 a200 aENGLISH